000 00581nam a2200205Ia 4500
005 20250508160719.0
008 008 250505s9999 xx 000 0 eng d
037 _aTextual
040 _aFEDL
_beng
_cFEDL
041 _aeng
_2eng
084 _a351.16, MUT
_qFEDL
100 _aMuthuswamy P
245 0 _aSwamy's compilation of the revised leave rules (Corrected upto 1st July 1971)
250 _a8th
260 _aMadras, India
_bSwamy Publishers
_c1971
300 _a84p.
365 _aINR
_b3.5
942 _cTEXL
_h351.16, MUT
999 _c1366177
_d1366177